[Event "CP-2010-P-00069"]
[Site "LSS email"]
[Date "2010.09.28"]
[Round "?"]
[White "Fetisov, Ilja"]
[Black "Simmelink, Joop Theo"]
[Result "0-1"]
[WhiteElo "1503"]
[BlackElo "2162"]
[PlyCount "82"]
[EventDate "2010.10.01"]
[EventType "tourn (corr)"]
[EventRounds "6"]
[EventCountry "GER"]
[SourceTitle "Telechess CBM 143"]
[Source "ChessBase"]
[SourceDate "2011.07.15"]
[SourceVersion "1"]
[SourceVersionDate "2011.07.15"]
[SourceQuality "1"]

1. e4 e5 2. Nc3 Nf6 3. f4 d5 4. fxe5 Nxe4 5. Nf3 Be7 6. Qe2 f5 7. d3 Nc5 8. Be3 Nc6 9. Qf2 d4 10. Bxd4 Ne6 11. Be3 f4 12. Bd2 Bc5 13. Qh4 Qxh4+ 14. Nxh4 0-0 15. Ne4 Ned4 16. 0-0-0 Be7 17. Nf3 Nxf3 18. gxf3 Nxe5 19. Be2 Be6 20. Bc3 Rf5 21. Rhg1 Rh5 22. Rg2 g6 23. a3 Rd8 24. Re1 b6 25. Bd1 Kf7 26. Nf2 Nc6 27. Bd2 g5 28. c3 Bf6 29. d4 Na5 30. Ne4 Nb3+ 31. Kc2 Be7 32. Rge2 Bc4 33. Rg2 Bd5 34. Bc1 c5 35. dxc5 bxc5 36. Rge2 Kf8 37. Rg2 c4 38. Nd2 Rh3 39. Rf1 g4 40. Rxg4 Rxh2 41. Rxf4+ Bf7 0-1

[Event "CP-2010-P-00069"]
[Site "LSS email"]
[Date "2010.09.28"]
[Round "?"]
[White "Tassinati, Mirco"]
[Black "Fetisov, Ilja"]
[Result "0-1"]
[WhiteElo "564"]
[BlackElo "1493"]
[PlyCount "34"]
[EventDate "2010.10.01"]
[EventType "tourn (corr)"]
[EventRounds "6"]
[EventCountry "GER"]
[SourceTitle "Corr 2015"]
[Source "ChessBase"]
[SourceDate "2015.07.17"]
[SourceVersion "1"]
[SourceVersionDate "2015.07.17"]
[SourceQuality "1"]

1. e4 c5 2. d4 cxd4 3. Qxd4 Nc6 4. Qd1 Nf6 5. Nc3 e5 6. Bb5 Bb4 7. a3 Bxc3+ 8. bxc3 Nxe4 9. c4 Nd4 10. Nf3 a6 11. Nxd4 exd4 12. Qxd4 Qe7 13. 0-0 axb5 14. Re1 f5 15. f3 0-0 16. fxe4 bxc4 17. exf5 Qxe1# 0-1

[Event "LSS BI-2010-P-00008"]
[Site "LSS email"]
[Date "2010.04.19"]
[Round "?"]
[White "Cabrera Trujillo, Claudio Tomas"]
[Black "Fetisov, Ilja"]
[Result "0-1"]
[WhiteElo "1046"]
[BlackElo "1503"]
[PlyCount "66"]
[EventDate "2010.04.22"]
[EventType "tourn (corr)"]
[EventRounds "10"]
[EventCountry "GER"]
[SourceTitle "Telechess CBM 147"]
[Source "ChessBase"]
[SourceDate "2012.03.16"]
[SourceVersion "1"]
[SourceVersionDate "2012.03.16"]
[SourceQuality "1"]

1. d4 d5 2. c4 e5 3. e4 dxe4 4. d5 c6 5. Nc3 Nf6 6. Bg5 Bb4 7. Nge2 cxd5 8. cxd5 Qxd5 9. Qa4+ Nc6 10. Bxf6 gxf6 11. a3 Bxc3+ 12. Nxc3 Qd4 13. Rd1 Qxa4 14. Nxa4 Nd4 15. Nc5 f5 16. Be2 Nxe2 17. Kxe2 b6 18. Na4 f4 19. Rd5 Ba6+ 20. Kd2 Rd8 21. Nc3 Ke7 22. Rd1 Bc4 23. Rxd8 Rxd8+ 24. Ke1 Bd3 25. Na2 a5 26. Nc1 f5 27. Nxd3 exd3 28. Kd2 e4 29. Rc1 Kd7 30. g3 f3 31. Ke3 Rc8 32. Rd1 Rc2 33. g4 Re2+ 0-1

[Event "LSS BI-2010-P-00008"]
[Site "LSS email"]
[Date "2010.04.19"]
[Round "?"]
[White "Fetisov, Ilja"]
[Black "Siger, Imre Csaba"]
[Result "0-1"]
[WhiteElo "1503"]
[BlackElo "2034"]
[PlyCount "50"]
[EventDate "2010.04.22"]
[EventType "tourn (corr)"]
[EventRounds "10"]
[EventCountry "GER"]
[SourceTitle "Corr 2013"]
[Source "ChessBase"]
[SourceDate "2012.11.12"]
[SourceVersion "1"]
[SourceVersionDate "2012.11.12"]
[SourceQuality "1"]

1. e4 c5 2. d4 cxd4 3. c3 dxc3 4. Nxc3 e6 5. Nf3 a6 6. Bc4 b5 7. Bb3 Bb7 8. Qe2 Ne7 9. Bg5 h6 10. Bh4 Nbc6 11. 0-0 g5 12. Bg3 Ng6 13. Rfd1 Rc8 14. Rd2 g4 15. Nd4 h5 16. Rad1 Nce5 17. Ncxb5 axb5 18. Bxe5 Nxe5 19. Qxb5 Qc7 20. Bxe6 Bc5 21. Bf5 Rh6 22. Qb3 Qb6 23. Qxb6 Rxb6 24. b3 Bb4 25. Re2 Rd6 0-1

[Event "LSS BI-2010-P-00008"]
[Site "LSS email"]
[Date "2010.04.19"]
[Round "?"]
[White "Fetisov, Ilja"]
[Black "Suarez, Rolando"]
[Result "1-0"]
[WhiteElo "1475"]
[BlackElo "1783"]
[PlyCount "83"]
[EventDate "2010.04.22"]
[EventType "tourn (corr)"]
[EventRounds "10"]
[EventCountry "GER"]
[SourceTitle "Telechess CBM 141"]
[Source "ChessBase"]
[SourceDate "2011.03.17"]
[SourceVersion "1"]
[SourceVersionDate "2011.03.17"]
[SourceQuality "1"]

1. e4 e6 2. d4 d5 3. Nd2 dxe4 4. Nxe4 Be7 5. Nf3 Nf6 6. Bd3 Nbd7 7. 0-0 Nxe4 8. Bxe4 c5 9. c4 Nf6 10. Bc2 cxd4 11. Nxd4 0-0 12. b3 Qb6 13. Nf3 Rd8 14. Qe2 Qc7 15. Bb2 b6 16. Rad1 Bb7 17. Ne5 Rxd1 18. Rxd1 Rd8 19. h3 Rxd1+ 20. Qxd1 h6 21. Qd2 Bd6 22. Qe2 Bc5 23. Ng4 Qg3 24. Nxf6+ gxf6 25. Qg4+ Qxg4 26. hxg4 Kg7 27. Kf1 a5 28. f3 Ba8 29. Ke2 Bc6 30. Bc1 Bg1 31. Be3 Bxe3 32. Kxe3 Kf8 33. Be4 Bxe4 34. Kxe4 Ke7 35. a3 Kd6 36. b4 Kc6 37. Kd4 axb4 38. axb4 Kd7 39. c5 Kc6 40. cxb6 Kxb6 41. Kc4 f5 42. gxf5 1-0

[Event "LSS BI-2010-P-00008"]
[Site "LSS email"]
[Date "2010.04.19"]
[Round "?"]
[White "Meiners, Edwin Paul"]
[Black "Fetisov, Ilja"]
[Result "1-0"]
[WhiteElo "2275"]
[BlackElo "1494"]
[PlyCount "39"]
[EventDate "2010.04.22"]
[EventType "tourn (corr)"]
[EventRounds "10"]
[EventCountry "GER"]
[SourceTitle "Telechess CBM 141"]
[Source "ChessBase"]
[SourceDate "2011.03.17"]
[SourceVersion "1"]
[SourceVersionDate "2011.03.17"]
[SourceQuality "1"]

1. d4 d5 2. c4 e5 3. dxe5 d4 4. Nf3 Nc6 5. g3 Bf5 6. Bg2 Qd7 7. 0-0 0-0-0 8. Qb3 Na5 9. Qb5 Qxb5 10. cxb5 Bc5 11. Bd2 Nc4 12. Rc1 Nxd2 13. Nbxd2 Bb6 14. a4 d3 15. a5 Bd4 16. Nxd4 Rxd4 17. b6 axb6 18. axb6 c6 19. Rxc6+ bxc6 20. Bxc6 1-0

[Event "LSS BI-2009-F-00011"]
[Site "LSS email"]
[Date "2010.02.15"]
[Round "?"]
[White "Andre, Ricardo"]
[Black "Fetisov, Ilja"]
[Result "1-0"]
[WhiteElo "1522"]
[BlackElo "1489"]
[PlyCount "125"]
[EventDate "2010.02.17"]
[EventType "tourn (corr)"]
[EventRounds "10"]
[EventCountry "GER"]
[SourceTitle "Telechess CBM 141"]
[Source "ChessBase"]
[SourceDate "2011.03.17"]
[SourceVersion "1"]
[SourceVersionDate "2011.03.17"]
[SourceQuality "1"]

1. Nf3 c5 2. c4 Nc6 3. Nc3 Nf6 4. Qa4 e6 5. e3 Be7 6. d4 cxd4 7. exd4 d5 8. cxd5 Nxd5 9. Bb5 Bd7 10. Nxd5 exd5 11. 0-0 0-0 12. Re1 Bf6 13. Bd2 Qb6 14. Ba5 Nxa5 15. Bxd7 Nc4 16. Rab1 Rad8 17. b3 Nd6 18. Rbc1 Ne4 19. Bf5 Rfe8 20. Bxe4 dxe4 21. d5 e3 22. fxe3 Rxe3 23. Kh1 g6 24. Rxe3 Qxe3 25. Rd1 Be7 26. Qb5 b6 27. Re1 Qc5 28. Qc4 Bf6 29. Qxc5 bxc5 30. Rd1 Bd4 31. b4 Be3 32. Rd3 Bf2 33. bxc5 Bxc5 34. g4 f6 35. Kg2 Kf7 36. Nd2 f5 37. gxf5 gxf5 38. Nc4 Kf6 39. Kf3 Rd7 40. Rd1 Rg7 41. d6 Ke6 42. Rd3 h5 43. a3 h4 44. Rd1 Rg1 45. Rd2 Rg7 46. a4 Bb4 47. Re2+ Kd7 48. Rb2 Bxd6 49. Rd2 Kc6 50. Rxd6+ Kc5 51. Ne3 f4 52. Kxf4 Rf7+ 53. Ke5 Rf2 54. Rd5+ Kc6 55. h3 Rf3 56. Rd6+ Kb7 57. Nc4 Rxh3 58. Rh6 Rh1 59. Kd6 Ra1 60. Rh7+ Ka6 61. Kc5 Rxa4 62. Rc7 h3 63. Rc6+ 1-0

[Event "LSS No Engine Cup Gr02 prel 05 email"]
[Site "LSS email"]
[Date "2009.07.02"]
[Round "?"]
[White "Fetisov, Ilja"]
[Black "Garmatz, Walter Eduardo Zenk"]
[Result "1-0"]
[WhiteElo "1471"]
[BlackElo "1583"]
[PlyCount "41"]
[EventDate "2009.07.03"]
[EventType "tourn (corr)"]
[EventRounds "6"]
[EventCountry "GER"]
[SourceTitle "Telechess CBM 135"]
[Source "ChessBase"]
[SourceDate "2010.03.17"]
[SourceVersion "1"]
[SourceVersionDate "2010.03.17"]
[SourceQuality "1"]

1. e4 e5 2. Nc3 Nf6 3. f4 Nc6 4. fxe5 Nxe5 5. d4 Ng6 6. e5 Ng8 7. Nf3 d5 8. h4 Bg4 9. h5 Nh4 10. Qd3 Nxf3+ 11. gxf3 Be6 12. Qb5+ c6 13. Qxb7 Rc8 14. Qxa7 Be7 15. Be3 Bh4+ 16. Kd2 Bg5 17. f4 Be7 18. Bd3 Nh6 19. Rag1 g6 20. hxg6 hxg6 21. f5 1-0

[Event "LSS No Engine Cup Gr02 prel 05 email"]
[Site "LSS email"]
[Date "2009.07.02"]
[Round "?"]
[White "Fetisov, Ilja"]
[Black "Keller, Thomas L"]
[Result "1-0"]
[WhiteElo "1516"]
[BlackElo "1823"]
[PlyCount "91"]
[EventDate "2009.07.03"]
[EventType "tourn (corr)"]
[EventRounds "6"]
[EventCountry "GER"]
[SourceTitle "Telechess CBM 137"]
[Source "ChessBase"]
[SourceDate "2010.07.15"]
[SourceVersion "1"]
[SourceVersionDate "2010.07.15"]
[SourceQuality "1"]

1. e4 c5 2. d4 cxd4 3. c3 dxc3 4. Nxc3 e6 5. Nf3 Nc6 6. Bc4 a6 7. 0-0 b5 8. Bb3 Nge7 9. Bg5 Qc7 10. Rc1 Ng6 11. Nd5 Qd6 12. Nb6 Rb8 13. Nxc8 Qxd1 14. Rfxd1 Rxc8 15. h4 f6 16. h5 Nge5 17. Nxe5 fxe5 18. Rc2 Be7 19. Be3 Bf6 20. g4 h6 21. Rdc1 Kf7 22. f3 Bg5 23. Bxg5 hxg5 24. Rc5 g6 25. hxg6+ Ke7 26. a4 b4 27. a5 Rh6 28. Ba4 Kd6 29. Bxc6 Rxc6 30. R5c4 Rxg6 31. Rd1+ Kc7 32. Rxb4 Rc2 33. Rb3 Re2 34. Rc3+ Kd8 35. Rcd3 Rxb2 36. Rxd7+ Kc8 37. Ra7 Rh6 38. Rxa6 Rhh2 39. Rc6+ Kb7 40. Rb6+ Rxb6 41. axb6 Rh7 42. Rd6 Re7 43. Kf2 Kc8 44. Ke3 Kb7 45. Kd3 Kc8 46. Kc4 1-0

[Event "LSS No Engine Cup 02 Preliminary 5"]
[Site "LSS email"]
[Date "2009.07.02"]
[Round "?"]
[White "Heyboer, Peter J"]
[Black "Fetisov, Ilja"]
[Result "0-1"]
[WhiteElo "752"]
[BlackElo "1503"]
[PlyCount "26"]
[EventDate "2009.07.03"]
[EventType "tourn (corr)"]
[EventRounds "6"]
[EventCountry "GER"]
[SourceTitle "Corr 2015"]
[Source "ChessBase"]
[SourceDate "2015.07.17"]
[SourceVersion "1"]
[SourceVersionDate "2015.07.17"]
[SourceQuality "1"]

1. e4 c5 2. Nf3 Nc6 3. b3 Nf6 4. d3 d5 5. exd5 Nxd5 6. Bb2 Bg4 7. Qe2 Nd4 8. Bxd4 cxd4 9. g3 e6 10. a3 Rc8 11. Qe4 Bxf3 12. Qxf3 Rxc2 13. b4 Rc1+ 0-1

[Event "LSS No Engine Cup Gr01 prel 04 email"]
[Site "LSS email"]
[Date "2009.06.29"]
[Round "?"]
[White "Paetzold, Ortwin"]
[Black "Fetisov, Ilja"]
[Result "0-1"]
[WhiteElo "1519"]
[BlackElo "1499"]
[PlyCount "64"]
[EventDate "2009.06.30"]
[EventType "tourn (corr)"]
[EventRounds "6"]
[EventCountry "GER"]
[SourceTitle "Telechess CBM 137"]
[Source "ChessBase"]
[SourceDate "2010.07.15"]
[SourceVersion "1"]
[SourceVersionDate "2010.07.15"]
[SourceQuality "1"]

1. Nf3 d5 2. g3 c5 3. Bg2 Nc6 4. d3 e5 5. 0-0 Nf6 6. Nbd2 Bd6 7. e4 d4 8. Nc4 Be6 9. Nxd6+ Qxd6 10. Bg5 Nd7 11. a3 c4 12. Rc1 b5 13. Nd2 f6 14. Bxf6 Nxf6 15. b3 Qxa3 16. Ra1 Qc5 17. bxc4 bxc4 18. f4 c3 19. Nf3 0-0 20. fxe5 Nxe5 21. Nxe5 Qxe5 22. Ra6 Bc8 23. Ra3 a5 24. Qa1 Ng4 25. Rxf8+ Kxf8 26. Qf1+ Kg8 27. Qe2 Ne3 28. Qf2 a4 29. Bf3 Qe7 30. Ra1 a3 31. e5 Rb8 32. Bd5+ Nxd5 0-1

[Event "LSS No Engine Cup Gr01 prel 04 email"]
[Site "LSS email"]
[Date "2009.06.29"]
[Round "?"]
[White "Weiss, Lester P"]
[Black "Fetisov, Ilja"]
[Result "1-0"]
[WhiteElo "1961"]
[BlackElo "1471"]
[PlyCount "56"]
[EventDate "2009.06.30"]
[EventType "tourn (corr)"]
[EventRounds "6"]
[EventCountry "GER"]
[SourceTitle "Telechess CBM 135"]
[Source "ChessBase"]
[SourceDate "2010.03.17"]
[SourceVersion "1"]
[SourceVersionDate "2010.03.17"]
[SourceQuality "1"]

1. e4 c5 2. Nf3 Nc6 3. d4 cxd4 4. Nxd4 Nf6 5. Nc3 e5 6. Ndb5 d6 7. Bg5 a6 8. Na3 b5 9. Bxf6 gxf6 10. Nd5 Bg7 11. Bd3 Ne7 12. Nxe7 Qxe7 13. 0-0 0-0 14. c4 f5 15. Qf3 bxc4 16. Nxc4 d5 17. exd5 e4 18. Qe3 Bb7 19. d6 Qf6 20. Bc2 f4 21. Qh3 Qg5 22. Rad1 f5 23. Na5 Rab8 24. Nxb7 Rxb7 25. Rd5 Qg6 26. d7 Rd8 27. Rxf5 Rbxd7 28. Bxe4 Qe6 1-0

[Event "LSS BI-2009-P-00024"]
[Site "LSS email"]
[Date "2009.04.19"]
[Round "?"]
[White "Jokmin, Yannick"]
[Black "Fetisov, Ilja"]
[Result "0-1"]
[WhiteElo "1230"]
[BlackElo "1503"]
[PlyCount "22"]
[EventDate "2009.04.20"]
[EventType "tourn (corr)"]
[EventRounds "10"]
[EventCountry "GER"]
[SourceTitle "Corr 2013"]
[Source "ChessBase"]
[SourceDate "2012.11.12"]
[SourceVersion "1"]
[SourceVersionDate "2012.11.12"]
[SourceQuality "1"]
[WhiteTeam "US of America"]
[BlackTeam "US of America"]
[WhiteTeamCountry "USA"]
[BlackTeamCountry "USA"]

1. e4 c5 2. Nf3 Nc6 3. Bc4 e6 4. d4 cxd4 5. Nxd4 Nf6 6. Nc3 Bb4 7. Qd3 Ne5 8. Qe2 Qb6 9. Ndb5 a6 10. Na3 Bxa3 11. bxa3 Qd4 0-1

[Event "LSS SF-2009-0-00025"]
[Site "LSS email"]
[Date "2009.04.09"]
[Round "?"]
[White "Fetisov, Ilja"]
[Black "Albesa, Alfredo Ricardo"]
[Result "1/2-1/2"]
[WhiteElo "1517"]
[BlackElo "1603"]
[PlyCount "109"]
[EventDate "2009.03.03"]
[EventType "tourn (corr)"]
[EventRounds "6"]
[EventCountry "GER"]
[SourceTitle "Corr 2013"]
[Source "ChessBase"]
[SourceDate "2012.11.12"]
[SourceVersion "1"]
[SourceVersionDate "2012.11.12"]
[SourceQuality "1"]
[WhiteTeam "US of America"]
[BlackTeam "US of America"]
[WhiteTeamCountry "USA"]
[BlackTeamCountry "USA"]

1. e4 c6 2. d4 d5 3. Nc3 dxe4 4. Nxe4 Nd7 5. Bc4 Ngf6 6. Ng5 e6 7. Qe2 Nb6 8. Bd3 h6 9. N5f3 Be7 10. Bd2 0-0 11. c3 c5 12. Nh3 Nbd7 13. 0-0 cxd4 14. cxd4 Qb6 15. Rfe1 g5 16. a3 a5 17. Nhxg5 hxg5 18. Bxg5 Re8 19. Rac1 Qd6 20. Qe3 Nd5 21. Qe4 f5 22. Qh4 Rf8 23. Qh6 e5 24. Qxd6 Bxd6 25. dxe5 Bb8 26. e6 N7f6 27. Bxf5 Ne7 28. Nh4 Kg7 29. Bd3 Bd6 30. h3 a4 31. Bd2 Nfd5 32. g4 Rh8 33. Nf5+ Nxf5 34. gxf5 Rxh3 35. Be4 Nf6 36. Bc3 Rh4 37. f3 Rh5 38. Kf2 Be7 39. Bd4 Kf8 40. Rc7 Nxe4+ 41. fxe4 Bh4+ 42. Ke2 Bxe1 43. Kxe1 Rh4 44. Rf7+ Ke8 45. Bc5 Rh8 46. Re7+ Kd8 47. f6 Ra6 48. Rh7 Rxh7 49. f7 Rxf7 50. exf7 Rf6 51. f8Q+ Rxf8 52. Bxf8 Bg4 53. Kd2 Bd7 54. Kc3 Ke8 55. Bd6 1/2-1/2

[Event "LSS SF-2009-0-00025"]
[Site "LSS email"]
[Date "2009.04.07"]
[Round "?"]
[White "Fetisov, Ilja"]
[Black "Ciesla, Daniel"]
[Result "1-0"]
[WhiteElo "1391"]
[BlackElo "1130"]
[PlyCount "69"]
[EventDate "2009.03.03"]
[EventType "tourn (corr)"]
[EventRounds "6"]
[EventCountry "GER"]
[SourceTitle "Corr 2011"]
[Source "ChessBase"]
[SourceDate "2010.08.31"]
[SourceVersion "1"]
[SourceVersionDate "2010.08.31"]
[SourceQuality "1"]

1. e4 d6 2. d4 Nf6 3. Nc3 e5 4. dxe5 dxe5 5. Qxd8+ Kxd8 6. Bc4 Be6 7. Bxe6 fxe6 8. Nf3 Nbd7 9. Ng5 Ke7 10. Be3 h6 11. Nf3 Kf7 12. Nd2 Bb4 13. f3 Bxc3 14. bxc3 a6 15. a4 Rhd8 16. a5 Nb8 17. Rb1 Nc6 18. Rxb7 Nxa5 19. Rxc7+ Rd7 20. Rxd7+ Nxd7 21. Ke2 Nc6 22. Rb1 Ke8 23. Nc4 a5 24. Na3 Kd8 25. Kd3 Kc7 26. Rb5 a4 27. c4 Rd8 28. Kc3 Ra8 29. Rb1 Ra5 30. Nb5+ Kd8 31. Kb2 Nb4 32. c3 Nc6 33. Ka3 Ke7 34. Nc7 Kf7 35. Rb5 1-0

[Event "LSS SF-2009-0-00023"]
[Site "LSS email"]
[Date "2009.03.31"]
[Round "?"]
[White "Fetisov, Ilja"]
[Black "Ciesla, Daniel"]
[Result "1/2-1/2"]
[WhiteElo "1391"]
[BlackElo "1130"]
[PlyCount "81"]
[EventDate "2009.01.25"]
[EventType "tourn (corr)"]
[EventRounds "6"]
[EventCountry "GER"]
[SourceTitle "Corr 2011"]
[Source "ChessBase"]
[SourceDate "2010.08.31"]
[SourceVersion "1"]
[SourceVersionDate "2010.08.31"]
[SourceQuality "1"]

1. e4 d6 2. d4 Nf6 3. Nc3 e5 4. dxe5 dxe5 5. Qxd8+ Kxd8 6. Nf3 Bd6 7. Bc4 Be6 8. Bxe6 fxe6 9. Bg5 Nbd7 10. 0-0-0 Kc8 11. a3 a6 12. Bh4 h6 13. Nd2 Rd8 14. f3 g5 15. Bg3 b5 16. Nf1 Nh5 17. Ne3 Nf4 18. h4 Bc5 19. Bxf4 gxf4 20. Ng4 Bf8 21. h5 Bg7 22. Rd2 Nb6 23. Rxd8+ Kxd8 24. b3 Ke7 25. Rd1 Nd7 26. Rd2 Rd8 27. Nd1 Nc5 28. Rxd8 Kxd8 29. Kd2 Ke7 30. Ndf2 Kd6 31. Nd3 Nd7 32. Kc3 c5 33. a4 Nb6 34. axb5 axb5 35. Nb2 Nd7 36. Kd3 Nb6 37. c3 Kc6 38. Kd2 Kc7 39. Ke2 Kd6 40. c4 b4 41. Na4 1/2-1/2

[Event "LSS SF-2009-0-00023"]
[Site "LSS email"]
[Date "2009.03.31"]
[Round "?"]
[White "Fetisov, Ilja"]
[Black "Tjiptadi, Agus"]
[Result "1-0"]
[WhiteElo "1503"]
[BlackElo "1046"]
[PlyCount "29"]
[EventDate "2009.01.25"]
[EventType "tourn (corr)"]
[EventRounds "6"]
[EventCountry "GER"]
[SourceTitle "Corr 2013"]
[Source "ChessBase"]
[SourceDate "2012.11.12"]
[SourceVersion "1"]
[SourceVersionDate "2012.11.12"]
[SourceQuality "1"]
[WhiteTeam "US of America"]
[BlackTeam "US of America"]
[WhiteTeamCountry "USA"]
[BlackTeamCountry "USA"]

1. e4 e5 2. Nc3 Bc5 3. f4 Bxg1 4. Rxg1 Qh4+ 5. g3 Qxh2 6. Rg2 Qh1 7. d4 d6 8. fxe5 Bh3 9. Rf2 dxe5 10. Qh5 exd4 11. Nd5 Na6 12. Qxf7+ Kd8 13. Bg5+ Nf6 14. Nxf6 gxf6 15. Bxf6+ 1-0

[Event "LSS SF-2009-0-00023"]
[Site "LSS email"]
[Date "2009.03.31"]
[Round "?"]
[White "Fetisov, Ilja"]
[Black "Wolf, Alexander"]
[Result "0-1"]
[WhiteElo "1467"]
[BlackElo "1134"]
[PlyCount "160"]
[EventDate "2009.01.25"]
[EventType "tourn (corr)"]
[EventRounds "6"]
[EventCountry "GER"]
[SourceTitle "Telechess CBM 141"]
[Source "ChessBase"]
[SourceDate "2011.03.17"]
[SourceVersion "1"]
[SourceVersionDate "2011.03.17"]
[SourceQuality "1"]

1. e4 c5 2. d4 cxd4 3. c3 dxc3 4. Nxc3 Nc6 5. Nf3 d6 6. Bc4 e6 7. 0-0 Nf6 8. Qe2 Be7 9. Rd1 e5 10. h3 0-0 11. Be3 Be6 12. Rac1 Rc8 13. Bxe6 fxe6 14. b4 Nxb4 15. Qb5 Nc6 16. Qxb7 Na5 17. Qxa7 Ra8 18. Qb6 Qxb6 19. Bxb6 Nc4 20. Bc7 Rfc8 21. Nb5 Ra4 22. Nd2 Nxd2 23. Rxd2 Nxe4 24. Rdc2 Ra6 25. a4 Bg5 26. Rc6 Rxa4 27. Bxd6 Rxc6 28. Rxc6 Ra1+ 29. Kh2 Rd1 30. Bc7 Rd2 31. Kg1 h5 32. Rxe6 Rd1+ 33. Kh2 Nxf2 34. Nc3 Rc1 35. Nd5 h4 36. g3 Rc2 37. gxh4 Bxh4 38. Ne7+ Kf7 39. Rc6 Ra2 40. Nf5 Nd3+ 41. Kg1 Bf6 42. Ne3 Bg5 43. Nc4 Bf6 44. Ne3 Nf4 45. h4 Ne2+ 46. Kf1 Ng3+ 47. Kg1 Ne2+ 48. Kf1 Nd4 49. Rc5 Ke6 50. h5 Re2 51. Nc4 Re4 52. Ra5 Nb5 53. Ra6+ Kd7 54. Nb6+ Kxc7 55. Nd5+ Kc8 56. Rc6+ Kd8 57. h6 Rh4 58. Rb6 Rxh6 59. Rxb5 Kd7 60. Kg2 Bd8 61. Ne3 Bc7 62. Rb4 Ke6 63. Rb7 Rg6+ 64. Kf3 Bd6 65. Rb6 Rg1 66. Kf2 Ra1 67. Rc6 Ra2+ 68. Kf3 Rd2 69. Nc4 Rd3+ 70. Ke2 Rd4 71. Ne3 g5 72. Kf3 Kd7 73. Ra6 Bc5 74. Ng4 Rf4+ 75. Kg3 Bd6 76. Ra7+ Ke6 77. Ne3 e4 78. Nc4 Rf7+ 79. Nxd6 Rxa7 80. Nxe4 Kf5 0-1

[Event "LSS SN-2009-0-00143"]
[Site "LSS email"]
[Date "2009.03.26"]
[Round "?"]
[White "Fetisov, Ilja"]
[Black "Bester, Kazimierz"]
[Result "1-0"]
[WhiteElo "800"]
[BlackElo "900"]
[PlyCount "57"]
[EventDate "2009.03.07"]
[EventType "tourn (corr)"]
[EventRounds "6"]
[EventCountry "GER"]
[SourceTitle "Corr 2011"]
[Source "ChessBase"]
[SourceDate "2010.08.31"]
[SourceVersion "1"]
[SourceVersionDate "2010.08.31"]
[SourceQuality "1"]

1. e4 c5 2. d4 cxd4 3. c3 dxc3 4. Nxc3 Nc6 5. Nf3 e6 6. Bc4 Be7 7. Qe2 a6 8. 0-0 b5 9. Bb3 Nf6 10. e5 Ng8 11. Rd1 Qc7 12. Bf4 h6 13. Rac1 Ra7 14. Qe3 Rb7 15. Ne4 Qb6 16. Qe2 Rc7 17. h4 Bb7 18. h5 a5 19. a4 b4 20. Be3 Qa6 21. Bc4 Qa8 22. Bb5 Qb8 23. Bb6 Rc8 24. Qd3 Rc7 25. Bxc7 Qxc7 26. Rc2 Bg5 27. Nd6+ Ke7 28. Nxb7 Qxb7 29. Bxc6 1-0

[Event "LSS SN-2009-0-00143"]
[Site "LSS email"]
[Date "2009.03.26"]
[Round "?"]
[White "Trevis, Robert R"]
[Black "Fetisov, Ilja"]
[Result "0-1"]
[WhiteElo "972"]
[BlackElo "1391"]
[PlyCount "80"]
[EventDate "2009.03.07"]
[EventType "tourn (corr)"]
[EventRounds "6"]
[EventCountry "GER"]
[SourceTitle "Corr 2011"]
[Source "ChessBase"]
[SourceDate "2010.08.31"]
[SourceVersion "1"]
[SourceVersionDate "2010.08.31"]
[SourceQuality "1"]

1. e4 c5 2. Nf3 Nc6 3. c3 Nf6 4. e5 Nd5 5. c4 Nc7 6. Nc3 g6 7. Be2 Bg7 8. d4 cxd4 9. Nxd4 Nxe5 10. f4 Nc6 11. Be3 0-0 12. 0-0 Nxd4 13. Bxd4 Bxd4+ 14. Qxd4 d6 15. Rae1 Ne6 16. Qe3 Ng7 17. Nd5 e6 18. Nb4 Nf5 19. Qf2 Qf6 20. Bf3 Bd7 21. Bxb7 Rab8 22. Qxa7 Qd4+ 23. Qxd4 Nxd4 24. Re4 Rxb7 25. Rxd4 Rxb4 26. Rxd6 Bc8 27. b3 Bb7 28. Rfd1 Ra8 29. R1d2 Kg7 30. Re2 h5 31. Rd7 Kf6 32. Kf2 h4 33. Kg1 Ra5 34. Kf2 Ba8 35. Red2 g5 36. g3 h3 37. Rc2 Be4 38. Re2 gxf4 39. Rxe4 Rxa2+ 40. Kf1 fxg3 0-1

[Event "LSS SN-2009-0-00142"]
[Site "LSS email"]
[Date "2009.03.25"]
[Round "?"]
[White "Kyllo, Richard"]
[Black "Fetisov, Ilja"]
[Result "0-1"]
[WhiteElo "963"]
[BlackElo "800"]
[PlyCount "36"]
[EventDate "2009.03.02"]
[EventType "tourn (corr)"]
[EventRounds "6"]
[EventCountry "GER"]
[SourceTitle "Corr 2011"]
[Source "ChessBase"]
[SourceDate "2010.08.31"]
[SourceVersion "1"]
[SourceVersionDate "2010.08.31"]
[SourceQuality "1"]

1. d4 d5 2. c4 e5 3. dxe5 d4 4. Nf3 Nc6 5. Bg5 Be7 6. Bxe7 Ngxe7 7. Nbd2 Bg4 8. Nb3 Bxf3 9. gxf3 Ng6 10. Bg2 Qg5 11. Bh3 Nf4 12. Bg4 Qxe5 13. Qd2 h5 14. Bd7+ Kxd7 15. Kf1 Rad8 16. e3 Ne6 17. f4 Qe4 18. f5 Qxh1+ 0-1

[Event "LSS RN-2009-0-00178"]
[Site "LSS email"]
[Date "2009.02.06"]
[Round "?"]
[White "Segovia, Didier"]
[Black "Fetisov, Ilja"]
[Result "0-1"]
[WhiteElo "453"]
[BlackElo "800"]
[PlyCount "54"]
[EventDate "2009.01.18"]
[EventType "tourn (corr)"]
[EventRounds "6"]
[EventCountry "GER"]
[SourceTitle "Corr 2011"]
[Source "ChessBase"]
[SourceDate "2010.08.31"]
[SourceVersion "1"]
[SourceVersionDate "2010.08.31"]
[SourceQuality "1"]

1. e4 c5 2. c3 Nf6 3. e5 Nd5 4. d4 cxd4 5. cxd4 b6 6. Bc4 Bb7 7. Nf3 e6 8. 0-0 d6 9. Nc3 dxe5 10. dxe5 Be7 11. Nxd5 exd5 12. Bb3 0-0 13. Bf4 Na6 14. Qc2 Nc5 15. Rad1 Rc8 16. Qc3 Nxb3 17. Qxb3 Qd7 18. Nd4 Rc4 19. Qe3 Qg4 20. b3 Rcc8 21. h3 Qg6 22. a4 Bc5 23. Nb5 Bxe3 24. Bxe3 d4 25. g4 dxe3 26. fxe3 Rc2 27. Nxa7 Qe4 0-1